| 000 | 00904nam a22002537a 4500 | ||
|---|---|---|---|
| 999 |
_c1146 _d1146 |
||
| 003 | AR-CdUCM | ||
| 008 | 190226b ||||| |||| 00| 0 spa d | ||
| 040 |
_aMUNICIPALIDAD PROVINCIAL DEL CUSCO _cBIBLIOTECA MUNICIPAL DEL CUSCO |
||
| 082 |
_a909.4 / _bED23 |
||
| 100 |
_aKapelusz _94497 |
||
| 110 |
_aEditorial Kapelusz _94498 |
||
| 245 | _aEdades Moderna y Contemporánea / | ||
| 260 |
_aArgentina : _bKapelusz, S. A. ; _c1971. |
||
| 300 |
_a119 páginas _bfotografías, ilustraciones, mapas _c23cm |
||
| 440 |
_aConocimientos Básicos _nHistoria _94499 |
||
| 505 | _aEsa larga Edad Media -- Los cambios económicos -- La revolución política -- Humanismo y Renacimiento -- La Reforma | ||
| 650 |
_aEdad Media _9454 |
||
| 650 |
_acultura _9126 |
||
| 650 |
_apolítica _9291 |
||
| 650 |
_ahumanismo _94500 |
||
| 650 |
_arenacimiento _94501 |
||
| 942 |
_2ddc _cLIBROS |
||
| 945 |
_anom _d2019-02-26 |
||